000 00377cam a2200169ua 4500
041 _aeng
_h
082 _a621.43
_bKHU/IN
100 _aKhurmi, R S.
245 _aInternal combustion engines
250 _a1 /
_b.
260 _aMumbai :
_bAsia Publishing House ,
_c1962.
300 _a382 ; .
504 _a
942 _cBK
999 _c5457
_d5457